Регионална библиотека "Любен Каравелов" - Русе

Handbuch fur liberale Politik (Запис номер 343936)

MARC детайли
000 -Лидер
Контролно поле с фиксирана дължина 00688nam a2200241 c 4500
003 - Код на организацията, давaща контролен номер
Контролно поле BLK
005 - Дата и час на последна редакция
Контролно поле 20190913121254.0
008 - Елементи от данни с фиксирана дължина
fixed length control field 180911b bul|||||r ||||||| ||bul||
010 ## - Наследен системен номер
LC control number 003597
040 ## - Източник на каталожния запис
Идентификатор на билиотеката - собственик на записа BLK
041 ## - Код за език
Код за езика на текст/звукозапис или на отделно заглавие Немски
080 ## - УДК
УДК - код + определител 329.12(430)(035)
100 1# - Редна дума - Автор
Автор WENK, Martin
Авторска отговорност първи автор
245 00 - Сведения за заглавието
Заглавие Handbuch fur liberale Politik
260 ## - Област на издателските данни
Място на издаване, разпространение и проч. Berlin
Име на издателя, разпространителя и проч. Hilfe
Година на издаване 1911
300 ## - Физическа характеристика
Страници 8, 336 с
Размери/Мащаб 19 см
380 ## - Жанр
Жанр Общ отдел
490 ## - СЕРИИ (Колекции)
Име на серия Частна колекция - Академик Михаил Арнаудов
Бележки за серията Дарение - Основен фонд
655 ## - Ключова дума – жанр/разновидност
Данни за жанр/разновидност или ключова дума за фокус Политика
700 1# - Други автори (авторска отговорност)
Лично име Martin Wenk
852 ## - Местоположение
Форматна сигнатура МА 835
942 ## - АРТИКУЛИ
Вид на библиотечния материал Книги
Скрит в OPAC Не
944 ## - СЪЗДАВАНЕ И РЕДАКЦИЯ на ЗАПИСА
Създаване/Редакция Създаване
Дата на регистрацията/редакция 1996
Служител, извършил регистрацията/редакцията ValK
999 ## - СИСТЕМНИ КОНТРОЛНИ НОМЕРА
Koha biblionumber 343936
Koha biblioitemnumber 343936
Наличности
Код за отписване Код за изгубен артикул Източник на класификационната схема Код за повреда Коз за рестрикции Код за отдаване Артикулен № Име на библиотеката - собственик Име на библиотеката, в която се намира в момента Статус (Текущо местоположение) Местоположение - отдел Цена в лева Номерация (Хронология) Инвентарен номер Систематично азбучна сигнатура Баркод Номер на екземпляра Цена в евро Служебен тип на артикула
  Не е изгубен Universal Decimal Classification Не е повреден без рестрикции Специални фондове ( старопечатни, редки и ценни, фонд М. Арнаудов) 744280 Регионална библиотека "Любен Каравелов" Русе Регионална библиотека "Любен Каравелов" Русе Фонд "Михаил Арнаудов" Фонд "Михаил Арнаудов" 15.00   588352 МА 835 120000588352 1 7.67 Книги
Vip Innovations Ltd, Rousse, Bulgaria 2025